MARC details
| 000 -CABECERA |
| campo de control de longitud fija |
01180nam a2200265 a 4500 |
| 001 - NÚMERO DE CONTROL |
| campo de control |
000021692 |
| 003 - IDENTIFICADOR DEL NÚMERO DE CONTROL |
| campo de control |
DO-SdBNP |
| 005 - FECHA Y HORA DE LA ÚLTIMA TRANSACCIÓN |
| campo de control |
20240619100749.0 |
| 008 - DATOS DE LONGITUD FIJA--INFORMACIÓN GENERAL |
| campo de control de longitud fija |
100910s1996 dr a 000 0 spa d |
| 040 ## - FUENTE DE LA CATALOGACIÓN |
| Centro catalogador/agencia de origen |
DO-SdBNP |
| Lengua de catalogación |
spa |
| Centro/agencia transcriptor |
BNPHU |
| 082 ## - NÚMERO DE LA CLASIFICACIÓN DECIMAL DEWEY |
| Número de clasificación |
211.4 |
| Número de documento/Ítem |
P715o |
| 245 03 - MENCIÓN DE TÍTULO |
| Título |
La plasmación del orden divino en la tierra. |
| 246 13 - FORMA VARIANTE DE TÍTULO |
| Título propio/Titulo breve |
Asthar - Samana - Rael |
| 260 ## - PUBLICACIÓN, DISTRIBUCIÓN, ETC. |
| Lugar de publicación, distribución, etc. |
Santo Domingo : |
| Nombre del editor, distribuidor, etc. |
Irmgard Radefeldt de Villegas, |
| Fecha de publicación, distribución, etc. |
1996. |
| 300 ## - DESCRIPCIÓN FÍSICA |
| Extensión |
147 p. : |
| Otras características físicas |
il. ; |
| Dimensiones |
19 cm. |
| 505 0# - NOTA DE CONTENIDO CON FORMATO |
| Título |
La venida de Cristo nuestro señor -- |
| -- |
Jesús figura del amor: infancia de Jesús -- |
| -- |
Infancia y juventud del Divino Maestro -- |
| -- |
La vida pública del divino maestro -- |
| -- |
Pasión y muerte del Divino Señor Redentor del Mundo-Jesús -- |
| -- |
Tarea divina del Señor Samana -- |
| -- |
El Sacrificio -- |
| -- |
Asthar -- |
| -- |
Rael -- |
| -- |
Omma "El Señor Guardián de la Fe" -- |
| -- |
Omha "El poder y la fuerza de la seguridad" |
| -- |
Omla, "Señor del Amor Universal ". |
| 590 ## - NOTA LOCAL (RLIN) |
| Nota local |
Inventariado, 2018/BT |
| 650 #4 - PUNTO DE ACCESO ADICIONAL DE MATERIA--TÉRMINO DE MATERIA |
| Término de materia o nombre geográfico como elemento de entrada |
Librepensamiento |
| 9 (RLIN) |
45120 |
| 650 #4 - PUNTO DE ACCESO ADICIONAL DE MATERIA--TÉRMINO DE MATERIA |
| Término de materia o nombre geográfico como elemento de entrada |
Racionalismo |
| 9 (RLIN) |
34112 |
| 700 1# - PUNTO DE ACCESO ADICIONAL--NOMBRE DE PERSONA |
| Nombre de persona |
Asthar |
| 9 (RLIN) |
45121 |
| 700 ## - PUNTO DE ACCESO ADICIONAL--NOMBRE DE PERSONA |
| Nombre de persona |
Samana |
| 9 (RLIN) |
45122 |
| 700 1# - PUNTO DE ACCESO ADICIONAL--NOMBRE DE PERSONA |
| Nombre de persona |
Rael |
| 9 (RLIN) |
45123 |
| 910 ## - DATOS DE OPCIÓN DEL USUARIO (OCLC) |
| Datos de opción del usuario |
Validado. Control de calidad. EMS |
| 942 ## - ELEMENTOS DE PUNTO DE ACCESO ADICIONAL (KOHA) |
| Fuente del sistema de clasificación o colocación |
Dewey Decimal Classification |
| Tipo de ítem Koha |
Libro |